[Event "ESP-ch op"]
[Site "Leon"]
[Date "2006.11.30"]
[Round "9"]
[White "Garcia Moral Garcia, Jose Daniel"]
[Black "De la Villa Garcia, Jesus Maria"]
[Result "0-1"]
[WhiteElo "2175"]
[BlackElo "2460"]
[PlyCount "52"]
[EventDate "2006.11.22"]
[EventType "swiss"]
[EventRounds "9"]
[EventCountry "ESP"]
[SourceTitle "CBM 115 Extra"]
[Source "ChessBase"]
[SourceDate "2007.01.10"]
[SourceVersion "1"]
[SourceVersionDate "2007.01.10"]
[SourceQuality "1"]

1. e4 c5 2. Nf3 Nc6 3. d4 cxd4 4. Nxd4 Nf6 5. Nc3 d6 6. f3 Qb6 7. Nb3 e6 8. Qe2 a6 9. Be3 Qc7 10. g4 b5 11. 0-0-0 Bb7 12. g5 Nd7 13. Qf2 Nce5 14. Kb1 Rc8 15. Bd3 Nc5 16. Nd4 b4 17. Nce2 Nexd3 18. cxd3 e5 19. Ng3 exd4 20. Bxd4 h6 21. gxh6 Rxh6 22. Nf5 Rh7 23. Rhe1 Qd7 24. Qg3 g6 25. Ne3 Qh3 26. Qf2 Qxh2 0-1